Normal view
MARC view
Entry Corporate Name
001 - CONTROL NUMBER
- control field: 24635
003 - CONTROL NUMBER IDENTIFIER
- control field: ARRUPE
005 - DATE AND TIME OF LATEST TRANSACTION
- control field: 20160804112946.0
008 - FIXED-LENGTH DATA ELEMENTS
- fixed length control field: 160804|| aca||aabn | a|a d
040 ## - CATALOGING SOURCE
- Original cataloging agency: ARRUPE
- Transcribing agency: ARRUPE
110 ## - HEADING--CORPORATE NAME
- Corporate name or jurisdiction name as entry element: University of Ghana.
- Subordinate unit: School of Performing Arts
- General subdivision: Curricula.
670 ## - SOURCE DATA FOUND
- Source citation: Work cat.: (ARRUPE)0: Adinku, W. Ofotsu (William Ofotsu) 24634, African dance education in Ghana :, 1994.